000
00297nam a22001217a 4500
020
_a
978-81-922808-0-6
082
_a
158
_b
RUP/5
100
_a
RUPANI,NANIK
245
_a
SUCCESS IS OUR BIRTHRIGHT
260
_a
BOMBAY
_b
PRIYADARSHNI ACADEMY
650
_a
PERSONALITY DEVELOPMENT
_z
BOMBAY
942
_c
BK
999
_c
5428
_d
5428